000 01684nam a2200517 i 4500
001 42580
003 KOSZ 005
005 20200714125956.0
008 030624s2003 pl f |000 0 pol
015 _aPB 2003/14502
020 _a838503885X
035 _a991020483129705066
035 _a(PL-WaBN)b15553930-48omnis_nlop
035 _ab15553930
035 _a(OCoLC)749356793
035 _a(PL)b0000001555393
035 _a(EXLNZ-48OMNIS_NETWORK)9910499692305606
040 _aWA N
_cWA N
_dKOSZ 005/HR
041 0 _apol
080 _a664
080 _a614.3
080 _a579.67
100 1 _aWarmińska-Radyko, Iwona
_eAutor
245 1 0 _aNowe metody badań mikrobiologicznych w przemyśle spożywczym /
_cIwona Warmińska-Radyko, Łucja Łaniewska-Trokenheim.
260 _aWarszawa :
_b"Hoża",
_c2003.
300 _a126, [2] s. ;
_c17 cm.
336 _2rdacontent
_aTekst
_btxt
337 _2rdamedia
_aBez urządzenia pośredniczącego
_bn
338 _2rdacarrier
_aWolumin
_bnc
380 _aKsiążki
380 _aPublikacje fachowe
388 _a2001-
490 1 _aBiblioteczka Majstra Mleczarskiego
504 _aBibliogr.
650 7 _aPrzemysł rolno-spożywczy
_2DBN
650 7 _aMikrobiologia
650 7 _aŻywność
_2DBN
650 7 _aTechnologia żywności
658 _aBiologia
658 _aRolnictwo i leśnictwo
700 1 _aŁaniewska-Trokenheim, Łucja
_eAutor
856 _uhttp://koha.tu.koszalin.pl/cgi-bin/koha/opac-detail.pl?biblionumber=42580
_yKatalog online BPK
830 0 _aBiblioteczka Majstra Mleczarskiego
942 _2UKD
_cKS
999 _c42580
_d42580